000 00933nam a22002297a 4500
999 _c6714
_d6714
003 AR-CdUCM
008 190319b ||||| |||| 00| 0 spa d
020 _a84-205-0499-8
040 _aMUNICIPALIDAD PROVINCIAL DEL CUSCO
_cBIBLIOTECA MUNICIPAL DEL CUSCO
041 _heng
082 _a541 /
_bP88
100 _aPryor, W. A.
_918897
245 _aIntroducción a la Química de los Radicales Libres /
260 _aEspaña :
_bAlhambra ;
_c1975.
300 _a154 páginas ;
_bDiagramas, tablas, fórmulas
_c20cm
440 _aColección Exedra - Ciencia Técnica Ingeniería
_n97
_918898
505 _aContenido: Conformación de radicales -- Homólisis térmica -- Producción fotoquímica de radicales -- Formación de radicales por reacciones redox -- Reacciones de abstracción de hidrógeno...
650 _aQuímica
_94512
700 _aGarcía Ruano, J.L. (traducción)
_918899
942 _2ddc
_cLIBROS
945 _anom